Online
Catalog

Viaje hacia el amor y otros poemas (1954-1962) / (Record no. 3240)

MARC details
000 -CABECERA
campo de control de longitud fija 00944cam a2200253 a 4500
001 - NÚMERO DE CONTROL
campo de control 000003410
005 - FECHA Y HORA DE LA ÚLTIMA TRANSACCIÓN
campo de control 20200929150432.0
008 - DATOS DE LONGITUD FIJA--INFORMACIÓN GENERAL
campo de control de longitud fija 830309s1981 sp 000 p spa
020 ## - NÚMERO INTERNACIONAL ESTÁNDAR DEL LIBRO
Número Internacional Estándar del Libro 8485762045
040 ## - FUENTE DE LA CATALOGACIÓN
Centro catalogador/agencia de origen DO-SdBNP
Lengua de catalogación spa
Centro/agencia transcriptor BNPHU
041 17 - CÓDIGO DE LENGUA
Código de lengua del texto/banda sonora o título independiente spa
Código de lengua original eng
082 ## - NÚMERO DE LA CLASIFICACIÓN DECIMAL DEWEY
Número de clasificación 811.008
Número de documento/Ítem W721v
100 1# - ENTRADA PRINCIPAL--NOMBRE DE PERSONA
Nombre de persona Williams, William Carlos,
Fechas asociadas al nombre 1883 -1963
9 (RLIN) 10631
245 10 - MENCIÓN DE TÍTULO
Título Viaje hacia el amor y otros poemas (1954-1962) /
Mención de responsabilidad, etc. William Carlos Williams; traducción, Carmen Martín Gaite.
260 ## - PUBLICACIÓN, DISTRIBUCIÓN, ETC.
Lugar de publicación, distribución, etc. Madrid :
Nombre del editor, distribuidor, etc. Triete,
Fecha de publicación, distribución, etc. 1981.
300 ## - DESCRIPCIÓN FÍSICA
Extensión 240 p. ;
Dimensiones 20 cm.
534 ## - NOTA SOBRE LA VERSIÓN ORIGINAL
Encabezamiento principal del original Título original: Pictures from brueghel and others poems (Collected poems 1950-1962)
504 ## - NOTA DE BIBLIOGRAFÍA, ETC.
Nota de bibliografía, etc. Incluye notas al pie de las páginas
504 ## - NOTA DE BIBLIOGRAFÍA, ETC.
Nota de bibliografía, etc. Incluye referencias bibliográficas
650 #4 - PUNTO DE ACCESO ADICIONAL DE MATERIA--TÉRMINO DE MATERIA
Término de materia o nombre geográfico como elemento de entrada Poesía estadounidense
9 (RLIN) 6278
650 #4 - PUNTO DE ACCESO ADICIONAL DE MATERIA--TÉRMINO DE MATERIA
Término de materia o nombre geográfico como elemento de entrada Poesías
Subdivisión general Colecciones
9 (RLIN) 10632
650 #4 - PUNTO DE ACCESO ADICIONAL DE MATERIA--TÉRMINO DE MATERIA
Término de materia o nombre geográfico como elemento de entrada Literatura estadounidense
9 (RLIN) 263
700 1# - PUNTO DE ACCESO ADICIONAL--NOMBRE DE PERSONA
Nombre de persona Martín Gaite, Carmen,
Fechas asociadas al nombre 1925-2000
Término indicativo de función/relación tr.
9 (RLIN) 10633
Holdings
Estado de retiro Estado de pérdida Restricciones de uso No para préstamo Código de colección Localización permanente Ubicación/localización actual Ubicación en estantería Fecha de adquisición Número de inventario Total de préstamos Signatura topográfica completa Código de barras Fecha visto por última vez Precio válido a partir de Tipo de ítem Koha Número de copia
    Préstamo interno   Monografías: Libros y Folletos General General Depósito 08.07.2009 LF1   811.008 W721v 3410-10 25.06.2020 25.06.2020 Préstamo interno  
    Préstamo restringido Préstamo restrigido Monografías: Libros y Folletos General General Depósito 08.07.2009 LF1   811.008 W721v 3410-20 25.06.2020 25.06.2020 Préstamo interno e.2

Powered by Koha